Catálogo
 En Linea

Antología : (Registro nro. 41761)

Detalles MARC
000 -CABECERA
campo de control de longitud fija 00490nam a2200157 a 4500
001 - NÚMERO DE CONTROL
campo de control 000042272
005 - FECHA Y HORA DE LA ÚLTIMA TRANSACCIÓN
campo de control 20201002040038.0
008 - DATOS DE LONGITUD FIJA--INFORMACIÓN GENERAL
campo de control de longitud fija 131121s1963 sp 000 0 spa d
020 ## - NÚMERO INTERNACIONAL ESTÁNDAR DEL LIBRO
Número Internacional Estándar del Libro 8401810167
040 ## - FUENTE DE LA CATALOGACIÓN
Centro catalogador/agencia de origen DO-SdBNP
Lengua de catalogación spa
Centro/agencia transcriptor BNPHU
100 1# - ENTRADA PRINCIPAL--NOMBRE DE PERSONA
Nombre de persona Segalen, Víctor
9 (RLIN) 69308
245 10 - MENCIÓN DE TÍTULO
Título Antología :
Resto del título Versión de Leopoldo Azancot /
Mención de responsabilidad, etc. Víctor Segalen.
260 ## - PUBLICACIÓN, DISTRIBUCIÓN, ETC.
Lugar de publicación, distribución, etc. Barcelona :
Nombre del editor, distribuidor, etc. Plaza Janes,
Fecha de publicación, distribución, etc. 1963.
300 ## - DESCRIPCIÓN FÍSICA
Extensión 196 p. ;
Dimensiones 20 cm.
500 ## - NOTA GENERAL
Nota general Selecciones de poesía universal, texto bilingüe
Existencias
Estado de retiro Estado de pérdida Restricciones de uso No para préstamo Código de colección Localización permanente Ubicación/localización actual Ubicación en estantería Fecha de adquisición Número de inventario Total de préstamos Signatura topográfica completa Código de barras Fecha visto por última vez Precio válido a partir de Tipo de ítem Koha
      Excluido de préstamo Monografías: Libros y Folletos General General En catalogación 21.11.2013 LF1   42272-10 25.06.2020 25.06.2020 No se presta

Con tecnología Koha